| 000 | 00912nam a22002177a 4500 | ||
|---|---|---|---|
| 999 |
_c18558 _d18558 |
||
| 003 | AR-CdUCM | ||
| 008 | 190514b ||||| |||| 00| 0 spa d | ||
| 040 |
_aMUNICIPALIDAD PROVINCIAL DEL CUSCO _cBIBLIOTECA MUNICIPAL DEL CUSCO |
||
| 082 |
_a372.7 / _bN29 |
||
| 100 |
_aNavarro Peña, Elsa _94679 |
||
| 245 | _aComo aplicar "Los khipus" como un recurso didáctico en el aula y su incidencia en el aprendizaje significativo, cognitivo, dinámico y operativo / | ||
| 260 |
_aQosqo : _bMax, _c2010. |
||
| 300 |
_a164 páginas ; _bIlustraciones, _c31 cm. |
||
| 505 | _aContenido: Los Khipus en la historia de la matemática y su incidencia en el principio de "Aprender a aprender" -- Numeración usual en el idioma quechua pentavocálico ... | ||
| 650 |
_aKhipus _939209 |
||
| 650 |
_aQuechua _92063 |
||
| 650 |
_aIdioma _93027 |
||
| 650 |
_aNumeración _939210 |
||
| 942 |
_2ddc _cLIBROS |
||
| 945 |
_aacv _d2019-05-14 |
||